02012nam a2200409 c 450000100060000000300100000600500170001600700030003300800410003602000150007702000180009204000350011004100130014504300150015808400060017310000320017924501140021125000720032526400400039730000570043733600290049433700280052333800280055149000910057949000240067052004990069452100450119353400120123865000400125065000330129065000480132365000720137170000390144370000310148270000300151383000590154360554CO-BoRNBP20260219171035.0ta140531s2013 ck a|||br||| 00| 0jsspadd a9583201677 a9789583201677 aCO-BoRNBPbspaerdacCO-BoRNBP1 aspaheng ae-uk-en--- aA10aWillis, Jeanne,d1959-eaut10aPerro viejo /cJeanne Willis y Tony Ross ; traducción de Mercedes Gulh ; edición de Daniel Goldin Halfon. aPrimera ediciónbEdición especial para el Ministerio de Cultura 1aBogotá, Colombia :bOceano,c2013 a[25] páginas sin enumerar :bilustraciones a color atextobtxt2rdacontenido ano mediadobn2rdamedio avolumenbnc2rdasoporte0 aColección para la Primera Infancia del Ministerio de Cultura - Primera Infancia 20130 aOcéano Travesía aEl abuelo perro es viejo y los años no le han llegado solos. Para sus nietos los cachorros no es más que una colección andante de historias tristes y fotos a blanco y negro. Sorprendentemente para ellos, el descubrir cómo ese viejo fue también alguna vez un joven aventurero, romperá todos sus esquemas al respecto: lentamente otra historia irá emergiendo de entre los recuerdos revestida de colores vivos y sentimientos alegres, la historia no oficial de los sueños del abuelo aRecomendado para niños de 6 a 9 años bOld dog17aÁlbumes infantiles ingleses2rnbp17aHistorias de aventuras2lemb17aLiteratura infantil inglesaySiglo XX2rnbp07aVejez en la literaturavAnécdotas, chistes, sátiras, etc.2rnbp1 aGoldin Halfon, Daniel,d1958-eedt1 aGuhl, Mercedesd1968-etrl14aRoss, Tony,d1938- ,eaut aPlan Nacional de lectura y escritura leer es mi cuento